Guess The Top 75 Nba Players By Picture - Statistics

General Stats
  • This quiz has been taken 271 times
  • The average score is 56 of 75
Answer Stats
Picture Answer % Correct
Dennis Rodman
93%
Lebron James
93%
Kobe Bryant
92%
Michael Jordan
92%
Shaquille O'Neal
92%
James Harden
91%
Larry Bird
91%
Anthony Davis
90%
Magic Johnson
90%
Stephen Curry
90%
Jerry West
89%
Kareem Abdul-Jabbar
89%
Nikola Jokic
89%
Scottie Pippen
89%
Chris Bosh
88%
Giannis Antetokounmpo
88%
Kevin Durant
88%
Steve Nash
88%
Tracy Mcgrady
88%
Vince Carter
88%
Allen Iverson
87%
Chris Paul
87%
Dirk Nowitzki
87%
Dwyane Wade
87%
Kawhi Leonard
87%
Russell Westbrook
87%
Tim Duncan
87%
Carmelo Anthony
86%
Charles Barkley
86%
Damian Lillard
86%
Kevin Garnett
86%
Pau Gasol
86%
Reggie Miller
86%
Wilt Chamberlain
86%
Dwight Howard
85%
Karl Malone
85%
Tony Parker
85%
Hakeem Olajuwon
84%
Isiah Thomas
84%
Patrick Ewing
84%
David Robinson
83%
John Stockton
82%
Julius Erving
82%
Moses Malone
82%
Jason Kidd
80%
Bill Russell
79%
Paul Pierce
78%
Gary Payton
76%
Ray Allen
75%
Clyde Drexler
73%
Oscar Robertson
73%
Bob Cousy
68%
Dominique Wilkins
68%
James Worthy
68%
Bob Pettit
65%
George Gervin
65%
Robert Parish
65%
Rick Barry
63%
John Havlicek
62%
Kevin Mchale
61%
Elgin Baylor
60%
Pete Maravich
59%
Wes Unseld
59%
George Mikan
57%
Walt Frazier
56%
Bob McAdoo
53%
Alex English
50%
Willis Reed
49%
Elvin Hayes
45%
Bernard King
40%
Dave Cowens
38%
Dolph Schayes
31%
Earl Monroe
29%
Nate Archibald
25%
Paul Arizin
20%
No matching quizzes found
Score Distribution
Percent of People with Each Score
Percentile by Number Answered
Your Score History
You have not taken this quiz